Mayo clinic family health book/ (Record no. 6146)

000 -LEADER
fixed length control field 00490nam a2200145 4500
008 - FIXED-LENGTH DATA ELEMENTS--GENERAL INFORMATION
fixed length control field 150922b xxu||||| |||| 00| 0 eng d
020 ## - INTERNATIONAL STANDARD BOOK NUMBER
International Standard Book Number 0688078192
050 ## - LIBRARY OF CONGRESS CALL NUMBER
Classification number REF RC 81 .M473 1990
100 ## - MAIN ENTRY--PERSONAL NAME
Personal name Larson, Davis E.
Dates associated with a name 1990.
245 ## - TITLE STATEMENT
Title Mayo clinic family health book/
Statement of responsibility, etc. David E. Larson.
260 ## - PUBLICATION, DISTRIBUTION, ETC. (IMPRINT)
Place of publication, distribution, etc. NewYork :
Name of publisher, distributor, etc. WilliamMorrow and company,
Date of publication, distribution, etc. 1990.
300 ## - PHYSICAL DESCRIPTION
Extent xiii,1377 p. :
Other physical details ill. ;
Dimensions 27cm.
650 ## - SUBJECT ADDED ENTRY--TOPICAL TERM
Topical term or geographic name as entry element Medicine.
942 ## - ADDED ENTRY ELEMENTS (KOHA)
Source of classification or shelving scheme
Koha item type Reference Material
Classification part REF RC 81 .M473 1990
Holdings
Withdrawn status Lost status Source of classification or shelving scheme Damaged status Not for loan Home library Current library Date acquired Source of acquisition Total Checkouts Full call number Barcode Date last seen Price effective from Koha item type
          MACHAKOS UNIVERSITY LIBRARY MACHAKOS UNIVERSITY LIBRARY 22/09/2015 Donation [B.F.A]   REF RC 81 .M473 1990 10233 08/02/2019 22/09/2015 Reference Material
          MACHAKOS UNIVERSITY LIBRARY MACHAKOS UNIVERSITY LIBRARY 24/11/2015 Donation (B.F.A)   REF RC 81 .M473 1990 18694 30/05/2019 24/11/2015 Reference Material
© Machakos University Library, Along The Highway, Machakos Wote Rd, Machakos, Kenya P.O. Box 136 - 90100 Machakos - Kenya

Tel: ( +254 ) 723 805829 OR Fax : 044-20353 OR Email: library@mksu.ac.ke